000 00239nam a2200109Ia 4500
008 190216s9999||||xx |||||||||||||| ||und||
100 _aSethu
245 0 _aPandavapurtam
260 _bDc Books Kottayam
650 _aMalayalam
942 _cBK
999 _c26003
_d26003